[Event "POL-ch U10"]
[Site "Jastrzebia Gora"]
[Date "2021.??.??"]
[Round "2"]
[White "Tomczyk, Aleksander"]
[Black "Ziobrowski, Wojciech"]
[Result "1/2-1/2"]
[WhiteElo "1013"]
[BlackElo "1189"]
[PlyCount "114"]
[EventDate "2021.02.28"]
[EventType "swiss"]
[EventRounds "9"]
[EventCountry "POL"]
[SourceTitle "EXT 2022"]
[Source "ChessBase"]
[SourceDate "2021.10.06"]
[SourceVersion "1"]
[SourceVersionDate "2021.10.06"]
[SourceQuality "1"]

1. e4 e5 2. Nf3 Nc6 3. d4 exd4 4. Nxd4 Bc5 5. Be3 Qf6 6. c3 Nge7 7. Bc4 Qg6 8. 0-0 Qxe4 9. Bxf7+ Kxf7 10. Qh5+ g6 11. Qxc5 d6 12. Qg5 Ne5 13. Nd2 Qd5 14. c4 Qa5 15. Ne4 Ke8 16. Qf6 Rf8 17. Qg7 Nxc4 18. Bg5 Qe5 19. Bf6 Nf5 20. Bxe5 Nxg7 21. Bxg7 Rf4 22. Rfe1 Kf7 23. Bh6 Rh4 24. Bg5 Rh5 25. Rac1 d5 26. h4 h6 27. Ng3 hxg5 28. Nxh5 gxh5 29. hxg5 c6 30. Re2 Kg6 31. Rce1 Kxg5 32. b3 Nb6 33. Re5+ Kg6 34. f4 Bd7 35. f5+ Kf6 36. Re7 c5 37. Nf3 Rd8 38. Rh7 Kxf5 39. Re5+ Kf6 40. Rh6+ Kf7 41. Rh7+ Kg8 42. Ree7 Re8 43. Rxd7 Nxd7 44. Rxd7 d4 45. Kf2 b5 46. Nd2 a5 47. a4 bxa4 48. bxa4 Rc8 49. Nc4 Rb8 50. Nd2 Rb4 51. Ne4 Rxa4 52. Nxc5 Rc4 53. Nb3 a4 54. Rxd4 Rxd4 55. Nxd4 Kg7 56. Ke2 Kg6 57. Kf3 a3 1/2-1/2